Предварительное смещение упругих сфер при наличии боковой подпирающей силы; Тезисы докладов Всесоюзного научно-технического семинара по контактной жесткости в машиностроении (Тбилиси, 21-24 октября 1974)

Dettagli Bibliografici
Parent link:Тезисы докладов Всесоюзного научно-технического семинара по контактной жесткости в машиностроении (Тбилиси, 21-24 октября 1974).— 1974.— С. 80-82
Autore principale: Максак В. И.
Altri autori: Тритенко А. Н.
Lingua:russo
Pubblicazione: 1974
Soggetti:
Natura: MixedMaterials Capitolo di libro
KOHA link:https://koha.lib.tpu.ru/cgi-bin/koha/opac-detail.pl?biblionumber=594681

MARC

LEADER 00000naa0a2200000 4500
001 594681
005 20250212164150.0
035 |a (RuTPU)RU\TPU\tpu\11442 
090 |a 594681 
100 |a 20030915d1974 k y0rusy50 ca 
101 0 |a rus 
102 |a RU 
200 1 |a Предварительное смещение упругих сфер при наличии боковой подпирающей силы  |f В. И. Максак, А. Н. Тритенко 
463 |t Тезисы докладов Всесоюзного научно-технического семинара по контактной жесткости в машиностроении (Тбилиси, 21-24 октября 1974)  |v С. 80-82  |d 1974 
610 1 |a контактная жесткость 
610 1 |a машиностроение 
610 1 |a труды учёных ТПУ 
700 1 |a Максак  |b В. И. 
701 1 |a Тритенко  |b А. Н. 
801 1 |a RU  |b 63413507  |c 20030915  |g PSBO 
801 2 |a RU  |b 63413507  |c 20100315  |g RCR 
942 |c BK